000 00248nam a2200097 a 4500
005 20200930073835.0
008 111018s2004 000 spa d
245 0 _aJuventud, polĂ­tica y el nuevo milenio.
260 _as. l.,
_cs. f.
999 _c34174
_d34174
040 _aDO-SdBNP